000
00219nam a22000857a 4500
999
_c
5499
_d
5499
008
170116b xxu||||| |||| 00| 0 eng d
020
_a
9788172163112
100
_9
2447
_a
Yobu.A.
245
_a
Test Measurement & Evaluation
260
_a
New Delhi
_b
SET
_c
2009